<?xml version="1.0" encoding="UTF-8"?>
<record
    xmlns:xsi="http://www.w3.org/2001/XMLSchema-instance"
    xsi:schemaLocation="http://www.loc.gov/MARC21/slim http://www.loc.gov/standards/marcxml/schema/MARC21slim.xsd"
    xmlns="http://www.loc.gov/MARC21/slim">

  <leader>01446nam a22002297a 4500</leader>
  <controlfield tag="003">NALT</controlfield>
  <controlfield tag="005">20230424155620.0</controlfield>
  <controlfield tag="008">      s2551    th                  tha d</controlfield>
  <datafield tag="040" ind1=" " ind2=" ">
    <subfield code="a">NALT</subfield>
  </datafield>
  <datafield tag="041" ind1=" " ind2=" ">
    <subfield code="a">tha</subfield>
  </datafield>
  <datafield tag="090" ind1=" " ind2=" ">
    <subfield code="a">KR 93</subfield>
    <subfield code="b">&#xE21;192&#xE1B; 2551</subfield>
  </datafield>
  <datafield tag="100" ind1="0" ind2=" ">
    <subfield code="a">&#xE21;&#xE23;&#xE01;&#xE15; &#xE2A;&#xE32;&#xE22;&#xE17;&#xE2D;&#xE07;</subfield>
    <subfield code="9">53296</subfield>
  </datafield>
  <datafield tag="245" ind1="1" ind2="0">
    <subfield code="a">&#xE1B;&#xE31;&#xE0D;&#xE2B;&#xE32;&#xE17;&#xE32;&#xE07;&#xE01;&#xE0E;&#xE2B;&#xE21;&#xE32;&#xE22;&#xE40;&#xE01;&#xE35;&#xE48;&#xE22;&#xE27;&#xE01;&#xE31;&#xE1A;&#xE42;&#xE04;&#xE23;&#xE07;&#xE2A;&#xE23;&#xE49;&#xE32;&#xE07;&#xE04;&#xE13;&#xE30;&#xE01;&#xE23;&#xE23;&#xE21;&#xE01;&#xE32;&#xE23;&#xE27;&#xE34;&#xE17;&#xE22;&#xE38;&#xE01;&#xE23;&#xE30;&#xE08;&#xE32;&#xE22;&#xE40;&#xE2A;&#xE35;&#xE22;&#xE07; &#xE27;&#xE34;&#xE17;&#xE22;&#xE38;&#xE42;&#xE17;&#xE23;&#xE17;&#xE31;&#xE28;&#xE19;&#xE4C; &#xE41;&#xE25;&#xE30;&#xE01;&#xE34;&#xE08;&#xE01;&#xE32;&#xE23;&#xE42;&#xE17;&#xE23;&#xE04;&#xE21;&#xE19;&#xE32;&#xE04;&#xE21;&#xE41;&#xE2B;&#xE48;&#xE07;&#xE0A;&#xE32;&#xE15;&#xE34; /</subfield>
    <subfield code="c">&#xE21;&#xE23;&#xE01;&#xE15; &#xE2A;&#xE32;&#xE22;&#xE17;&#xE2D;&#xE07;.</subfield>
  </datafield>
  <datafield tag="260" ind1=" " ind2=" ">
    <subfield code="a">&#xE01;&#xE23;&#xE38;&#xE07;&#xE40;&#xE17;&#xE1E;&#xE2F; : </subfield>
    <subfield code="b">&#xE21;&#xE2B;&#xE32;&#xE27;&#xE34;&#xE17;&#xE22;&#xE32;&#xE25;&#xE31;&#xE22;&#xE23;&#xE32;&#xE21;&#xE04;&#xE33;&#xE41;&#xE2B;&#xE07;, </subfield>
    <subfield code="c">2551</subfield>
  </datafield>
  <datafield tag="300" ind1=" " ind2=" ">
    <subfield code="a">166 &#xE2B;&#xE19;&#xE49;&#xE32; ;</subfield>
    <subfield code="c">29 &#xE0B;&#xE21;.</subfield>
  </datafield>
  <datafield tag="610" ind1="2" ind2="4">
    <subfield code="9">51856</subfield>
    <subfield code="a">&#xE04;&#xE13;&#xE30;&#xE2D;&#xE19;&#xE38;&#xE01;&#xE23;&#xE23;&#xE21;&#xE01;&#xE32;&#xE23;&#xE27;&#xE34;&#xE17;&#xE22;&#xE38;&#xE01;&#xE23;&#xE30;&#xE08;&#xE32;&#xE22;&#xE40;&#xE2A;&#xE35;&#xE22;&#xE07;&#xE41;&#xE25;&#xE30;&#xE27;&#xE34;&#xE17;&#xE22;&#xE38;&#xE42;&#xE17;&#xE23;&#xE17;&#xE31;&#xE28;&#xE19;&#xE4C;&#xE43;&#xE19;&#xE04;&#xE13;&#xE30;&#xE01;&#xE23;&#xE23;&#xE21;&#xE01;&#xE32;&#xE23;&#xE01;&#xE34;&#xE08;&#xE01;&#xE32;&#xE23;&#xE42;&#xE17;&#xE23;&#xE04;&#xE21;&#xE19;&#xE32;&#xE04;&#xE21;&#xE41;&#xE2B;&#xE48;&#xE07;&#xE0A;&#xE32;&#xE15;&#xE34; (&#xE01;&#xE17;&#xE0A;.)</subfield>
  </datafield>
  <datafield tag="650" ind1=" " ind2="4">
    <subfield code="a">&#xE42;&#xE17;&#xE23;&#xE04;&#xE21;&#xE19;&#xE32;&#xE04;&#xE21; </subfield>
    <subfield code="9">5572</subfield>
    <subfield code="x">&#xE01;&#xE0E;&#xE2B;&#xE21;&#xE32;&#xE22;&#xE41;&#xE25;&#xE30;&#xE23;&#xE30;&#xE40;&#xE1A;&#xE35;&#xE22;&#xE1A;&#xE02;&#xE49;&#xE2D;&#xE1A;&#xE31;&#xE07;&#xE04;&#xE31;&#xE1A;</subfield>
  </datafield>
  <datafield tag="650" ind1=" " ind2="0">
    <subfield code="a">&#xE2D;&#xE07;&#xE04;&#xE4C;&#xE01;&#xE23;&#xE2D;&#xE34;&#xE2A;&#xE23;&#xE30;</subfield>
    <subfield code="9">7764</subfield>
  </datafield>
  <datafield tag="850" ind1=" " ind2=" ">
    <subfield code="a">NALT</subfield>
  </datafield>
  <datafield tag="942" ind1=" " ind2=" ">
    <subfield code="c">RSH</subfield>
    <subfield code="2">lcc</subfield>
  </datafield>
  <datafield tag="998" ind1=" " ind2=" ">
    <subfield code="b">&#xE0A;&#xE27;&#xE19;&#xE1E;&#xE34;&#xE0A;&#xE0D;&#xE4C;  &#xE23;&#xE31;&#xE15;&#xE19;&#xE32;&#xE44;&#xE1E;&#xE1A;&#xE39;&#xE25;&#xE22;&#xE4C;</subfield>
    <subfield code="c">103</subfield>
    <subfield code="j">1020</subfield>
    <subfield code="k"> &#xE19;&#xE32;&#xE07;&#xE08;&#xE33;&#xE40;&#xE23;&#xE35;&#xE22;&#xE07;  &#xE23;&#xE30;&#xE27;&#xE31;&#xE07;&#xE2A;&#xE33;&#xE42;&#xE23;&#xE07;</subfield>
  </datafield>
  <datafield tag="999" ind1=" " ind2=" ">
    <subfield code="c">59944</subfield>
    <subfield code="d">59944</subfield>
  </datafield>
  <datafield tag="952" ind1=" " ind2=" ">
    <subfield code="0">0</subfield>
    <subfield code="1">0</subfield>
    <subfield code="4">0</subfield>
    <subfield code="7">0</subfield>
    <subfield code="8">CRSH</subfield>
    <subfield code="a">NALT</subfield>
    <subfield code="b">NALT</subfield>
    <subfield code="e">&#xE1A;&#xE23;&#xE34;&#xE08;&#xE32;&#xE04;</subfield>
    <subfield code="l">1</subfield>
    <subfield code="m">1</subfield>
    <subfield code="o">&#xE27; KR93 &#xE21;192&#xE1B; 2551</subfield>
    <subfield code="p">3961179030</subfield>
    <subfield code="r">2018-08-09 00:00:00</subfield>
    <subfield code="s">2018-04-20</subfield>
    <subfield code="w">2017-06-09</subfield>
    <subfield code="y">RSH</subfield>
  </datafield>
</record>
